| 000 -LEADER |
| fixed length control field |
00425nam a22001577a 4500 |
| 008 - FIXED-LENGTH DATA ELEMENTS--GENERAL INFORMATION |
| fixed length control field |
210114b ||||| |||| 00| 0 eng d |
| 082 00 - DEWEY DECIMAL CLASSIFICATION NUMBER |
| Classification number |
620.11 |
| Item number |
A374 |
| 100 ## - MAIN ENTRY--PERSONAL NAME |
| 9 (RLIN) |
4171 |
| Personal name |
Brewer, R. C. |
| 245 10 - TITLE STATEMENT |
| Title |
Manufacturing properties of materials |
| 260 ## - PUBLICATION, DISTRIBUTION, ETC. (IMPRINT) |
| Place of publication, distribution, etc |
Toronto |
| Name of publisher, distributor, etc |
Van Nostrand |
| Date of publication, distribution, etc |
1963 |
| 300 ## - PHYSICAL DESCRIPTION |
| Extent |
xi,489 p. |
| 365 ## - TRADE PRICE |
| Unit of pricing |
63.00 |
| 650 #0 - SUBJECT ADDED ENTRY--TOPICAL TERM |
| Topical term or geographic name as entry element |
Materials |
| 700 ## - ADDED ENTRY--PERSONAL NAME |
| 9 (RLIN) |
3187 |
| Personal name |
Alexander, J. M. |
| 942 ## - ADDED ENTRY ELEMENTS (KOHA) |
| Item type |
Books |